Missing Word: Play Titles Quiz Stats

 Plays Quiz Updated Aug 22, 2016

Challenge
Share
Tweet
Embed
Score 0/24 Timer 04:00
0 Plays Today
Title Answer % Correct
____ Well That Ends WellAll's
98.2%
Who's ____ of Virginia Woolf?Afraid
93.6%
Glengarry Glen ____Ross
80.7%
Oedipus ____Rex
76.9%
A ____ in the SunRaisin
76.1%
A ____ from the BridgeView
70.1%
Long Day’s ____ Into NightJourney
68.4%
Waiting for ____Godot
65.6%
Look Back in ____Anger
49.2%
____: Osage CountyAugust
42.1%
Angels in ____America
34.4%
____ in the ParkBarefoot
34.2%
Title Answer % Correct
Sweet ____ of YouthBird
30%
Joe Turner's ____ and GoneCome
28%
What the ____ SawButler
20.7%
The Real ____Thing
16%
The ___ BoysHistory
14.2%
Topdog/____Underdog
13.5%
The ____ HeartNormal
10.4%
How I Learned to ___Drive
8.9%
A Behanding in ____Spokane
6%
In the ____ RoomNext
5.9%
____ Playground InjuriesGruesome
5%
A ____ New BoiseBright
3.4%

Today's Daily Dose

You're not logged in!

Compare scores with friends on all Sporcle quizzes.
OR
Log In

You Might Also Like...

Show Comments

Extras

Top Quizzes Today


Score Distribution

Your Account Isn't Verified!

In order to create a playlist on Sporcle, you need to verify the email address you used during registration. Go to your Sporcle Settings to finish the process.

Report this User

Report this user for behavior that violates our Community Guidelines.

Details: